Most Populated Cities in New York - Statistics

General Stats
  • This quiz has been taken 52 times
  • The average score is 10 of 20
Answer Stats
Population Answer % Correct
8,601,186 New York City
100%
97,640 Albany
94%
252,555 Buffalo
94%
141,353 Syracuse
90%
206,318 Rochester
88%
202,127 Yonkers
77%
59,608 Utica
56%
79,518 New Rochelle
50%
44,514 Binghamton
46%
47,864 Niagara Falls
46%
58,220 White Plains
46%
63,536 Schenectady
44%
68,212 Mount Vernon
40%
49,189 Troy
38%
32,121 Rome
31%
55,486 Hempstead
29%
33,750 Long Beach
10%
43,294 Freeport
4%
37,553 Valley Stream
4%
32,555 Spring Valley
0%
No matching quizzes found
Score Distribution
Percent of People with Each Score
Percentile by Number Answered
Your Score History
You have not taken this quiz